000 01293nam a22003857a 4500
001 000103507
003 CHAP
005 20240903142341.0
008 101126s2010 mx r 00010 spa d
010 _a99970
011 _a100942
035 _a111628
040 _cCHAP
090 _aTesis
100 1 _aMolina Eugenio, Vianey Yazmin
_977347
245 1 0 _aDiagnostico de un productor sin asistencia técnica en la comunidad de "El Municipio" municipio de Cocula, Gro. /
_c/por Vianey Yazmin Molina Eugenio.
260 _aCocula, Gro. :
_bEl autor,
_c2010.
300 _aii, 43 h. :
_bilus.
502 _aTesis (Ing. Agr. Zootecnista) -- CSAEGRO. Centro de Estudios Profesionales
590 _aALEPH
_b10
_c20130110
590 _aBATCH-UPD
_b10
_c20130110
590 _aBATCH-UPD
_b10
_c20130410
590 _aBATCH-UPD
_b10
_c20130914
590 _aBATCH-UPD
_b10
_c20140324
590 _aBATCH-UPD
_b10
_c20141002
590 _aCONVERSION
_b10
_c20130109
590 _aE12093SGE
_b10
_c20130718
650 1 4 _aAyuda técnica.
_99035
650 1 4 _aGuerrero
_xCondiciones rurales.
_951180
650 1 4 _aOrganización de productores.
_983544
901 _aBK
942 _cTESIS
_2ddc
942 _n0
_2ddc
949 _aTesis
_bBC
_cTES
_d33724002225975
_eTS1
_gDonaciØn
_h51558
_i111628
_sb
999 _c99970
_d99970